| 000 | 01295nam a2200265 a 4500 | ||
|---|---|---|---|
| 001 | 000026488 | ||
| 005 | 20200930030242.0 | ||
| 008 | 810211s1986 txu 001 0 spa d | ||
| 020 | _a031109113X | ||
| 040 |
_aDO-SdBNP _bspa _cBNPHU |
||
| 041 | 1 | 7 |
_aspa _hfre |
| 082 |
_axxx _bL673r |
||
| 100 | 1 |
_aLewis, John M. _953560 |
|
| 240 | 1 | 0 |
_aRevelation, inspiration, scripture. _lEspañol. |
| 245 | 1 | 0 |
_aLa revelación e inspiración de las escrituras / _cJohn M. Lewis ; traducción de Pablo A. Deiros. |
| 260 |
_aEl Paso, Tex. : _bCasa Bautista de Publicaciones, _c1986. |
||
| 300 |
_a161, [1] p. ; _c19 cm. |
||
| 490 | 1 |
_aBiblioteca de doctrina cristiana _v3 |
|
| 505 | 0 |
_aLa revelación como automanifestación de Dios -- La revelación en el antiguo y el Nuevo Testamentos -- La revelación y las escrituras -- La preservación del testimonio escrito -- Mas allá de la pagina sagrada -- Guías para la interpretación bíblica -- La autoridad de la biblia -- Revelación y redención . _tEl folleto de Junies _rLenin |
|
| 504 | _aIncluye referencias bibliográficas y notas al pie de las páginas | ||
| 534 |
_aTítulo original: _tRevelation, inspiration, scripture. |
||
| 700 | 1 |
_aDeiros, Pablo A. _etr. _948129 |
|
| 830 | 0 |
_aBiblioteca de doctrina cristiana ; _v3 _948387 |
|
| 049 | _aBNGR | ||
| 999 |
_c25980 _d25980 |
||